000 00665nam a2200253Ia 4500
003 OSt
005 20221006145108.0
006 a|||||r|||| 00| 0
007 ta
008 221006b |||||||| |||| 00| 0 eng d
020 _c65.00
024 _a13,773
037 _cTextual
040 _aEASL
_cEASL
_beng
041 _2eng
_aeng
082 _aV58:194(zB).N7, L5
100 _aNOORANI A G
245 0 _aBrezhnev plan for Asian security
_b Russia and in Asia
260 _aBombay
_bJaico Pub.
_c1975
300 _a448p.
_ccm.
490 _v Oth
942 _hV58:194(zB).N7, L5
_cTEXL
_2CC
999 _c1081859
_d1081859